00446nam a22001457a 4500020001500000082002000015245007600035260002700111300001000138440003000148650003000178650004600208700002200254700002400276 a8176257389 aA6x5433 B179p\2 aPunjab through the ages, vol.2cedited by S.R. Bakshi and Rashmi Pathak aNew DelhibSarupc2007 a326p. aStudies in Indian history aPunjab (India) -- History aPunjab (India) -- Politics and government aBakshi, S.R., ed. aPathak, Rashmi, ed.